000 01068aam a2200325 i 4500
001 768714001
003 CO-MdFUSB
005 20210913115938.0
007 ta
008 160824t1994 sp ||||| |||| 00| 0 eng d
020 _a84-8164-026-3
040 _cCO-MdFUSB
_bspa.
_aCO-MdFUSB
_dCO-MdFUSBC
_erda
041 _aspa
082 0 4 _aR 492.3 S337d
100 1 _aAlonso Schokel, Luis (1920-1998)
_eautor
245 _aDiccionario bíblico hebreo-español /
_c Luis Alonso Schokel ; editado por Víctor Morla, Vicente Collado,
250 _a2 edición.
264 _aMadrid :
_bTrotta,
_c[1994]
264 _c© 1994
300 _c3 volúmenes ;
_a28 cm
336 _2rdacontent
_atexto
_btxt
337 _2rdamedia
_asin mediación
_bn
338 _2rdacarrier
_avolumen
_bnc
505 _aDiccionario biblico hebreo-español -- Luis Alonso Schokel. -- Glosario español-hebreo biblico. -- preparado por Victor Morla-Asensio.
563 _aTapa dura
653 _aDiccionario biblico
653 _aHebreo-español
942 _cBK
945 _aEstudiante
999 _c31915
_d31915